000 00526nam a22001457a 4500
003 macl
005 20210923161031.0
008 160505b xxu||||| |||| 00| 0 eng d
040 _cmacl
100 _aयादव, डॉ. श्रीमती राजेश
_981132
245 _aजय शंकर प्रसाद की सम्‍पूर्ण कहानियां भाग 1
260 _aदिल्‍ली
_bअखिल भारती
_c2010
650 _aकहानियॉ
942 _2ddc
_cHIN
999 _c53912
_d53912